00345nam a22001097a 4500008004100000050001300041245007000054260005500124300001900179700002000198700001700218160908b xxu||||| |||| 00| 0 eng d a201/2008 aPaperless Inventory Control SystemcBinful Daniel and Pearl Tutu aAccra:bWisconsin International University,c2008. aVarious pgs .: aBinful, Daniel  aTutu, Pearl